Quizzes
Events
Quiz Creation
Community
Videos
Private Events
Remove Ads
Sign In
Join for FREE
Feedback
Dark Mode
Quiz Categories
Sports
Geography
Music
Movies
Television
Just For Fun
Miscellaneous
History
Literature
Language
Science
Gaming
Entertainment
Religion
Holiday
For Kids
Quiz Lab
Recent
Popular Today
Quiz Kudos Today
Editor Picks
Curator Picks
Quizzes by...
Day
Popularity
Type
Ratings
Length
Year
Community
Subscriptions
Recent Discussions
Orange Saloon
Badges
Playlists
Quests
Create
Leaderboards
Showdown
Live 5
Trivia Bingo
Activity
Puzzle Library
Sporcle Events
Private Events
Virtual Trivia
Globe League
Become a Host
Pub Owners
SporcleCon
Opinionation
Our Games
Videos
Blog
Mobile Apps
Partnerships
Remove Ads and Go Orange
Feedback
Music
Pop Music
The Beatles
Song
Album
Lyrics
Bands
Singers
Artist
Clip
Rock
Rap
Classical
Billboard
Country Music
Kpop
Taylor Swift
Music
Pop Music
The Beatles
Song
Album
Lyrics
Bands
Singers
Artist
Clip
Rock
Rap
Classical
Billboard
Country Music
Kpop
Taylor Swift
Random Quiz
Search Sporcle
×
Quiz Lab
Quiz Lab
Music
last
Type in answers that appear in a list
Type in answers that appear in a list
Classic
Best Score? Go Orange.
Uneven Odds by Sleeping At Last (Lyrics) Stats
Can you name the lyrics to Uneven Odds by Sleeping At Last?
By
Snowhippo
10m
194 Questions
144 Plays
144 Plays
144 Plays
Comments
Comments
Give Quiz Kudos
Give Quiz Kudos
-
- Ratings
hide this ad
Replay
Link that replays current quiz
Next Quiz
Link to next quiz in quiz playlist
You Got
0%
They Got
Avg Score
84%
Avg Friend Score
Upgrade to see
Score Distribution
Jump to the score distribution portion of the page
Score
0/194
Timer
10:00
0
Plays Today
Answer
% Correct
a
96.5%
a
96.5%
a
96.5%
and
96.5%
the
96.5%
the
96.5%
the
96.5%
the
96.5%
the
96.5%
the
96.5%
the
96.5%
And
96.5%
the
96.5%
the
96.5%
the
96.5%
and
96.5%
the
96.5%
the
96.5%
the
96.5%
the
96.5%
the
96.5%
of
95.8%
of
95.8%
of
95.8%
of
95.8%
of
95.8%
of
95.8%
of
95.8%
you
95.1%
you
95.1%
you
95.1%
you
95.1%
your
93.1%
your
93.1%
your
93.1%
in
93.1%
your
93.1%
your
93.1%
In
93.1%
on
93.1%
your
93.1%
your
93.1%
your
93.1%
In
93.1%
father
91.7%
to
91.7%
to
91.7%
to
91.7%
odds
91.7%
to
91.7%
to
91.7%
odds
91.7%
to
91.7%
well
91%
He
91%
he
91%
he
91%
well
91%
uneven
91%
uneven
91%
knew
90.3%
once
89.6%
as
89.6%
As
89.6%
earth
89.6%
Answer
% Correct
earth
89.6%
earth
89.6%
As
89.6%
earth
89.6%
earth
89.6%
I
88.9%
I
88.9%
I
88.9%
was
88.9%
I
88.9%
was
88.9%
I
88.9%
beauty
88.2%
from
88.2%
from
88.2%
from
88.2%
beauty
88.2%
from
88.2%
from
88.2%
spoke
86.8%
mother's
86.8%
is
86.8%
is
86.8%
spite
86.8%
is
86.8%
is
86.8%
spite
86.8%
tears
86.1%
guardian
86.1%
light
85.4%
for
85.4%
light
85.4%
light
85.4%
just
84.7%
instructed
84.7%
Just
84.7%
live
84.7%
Just
84.7%
live
84.7%
health
84%
No
84%
little
84%
life
84%
dirt
84%
No
84%
little
84%
life
84%
dirt
84%
make
83.3%
darkness
83.3%
lifts
83.3%
darkness
83.3%
lifts
83.3%
Darkness
83.3%
Forgiveness
82.6%
God
81.9%
cursed
81.3%
sense
81.3%
broken
81.3%
heart
81.3%
heart
81.3%
fought
80.6%
learn
80.6%
expect
80.6%
understand
80.6%
Answer
% Correct
can
80.6%
understand
80.6%
can
80.6%
guess
79.9%
part
79.9%
couldn't
79.9%
return
79.9%
hell
79.9%
don't
79.9%
him
79.2%
these
79.2%
what
79.2%
these
79.2%
what
79.2%
these
79.2%
love
77.8%
fires
77.8%
Maybe
77.8%
years
77.8%
time
77.8%
Maybe
77.8%
so
77.8%
that
77.1%
too
77.1%
lesson
76.4%
or
76.4%
weight?
76.4%
weight
76.4%
God's
75.7%
Are
75.7%
world
75%
day
75%
mended
74.3%
away
74.3%
shape
73.6%
remember
73.6%
her
73.6%
shoulders
73.6%
seed
72.9%
shifting
72.9%
took
72.9%
seed
72.9%
stronger
72.2%
always
72.2%
exists
72.2%
move
71.5%
questions
71.5%
getting
70.8%
one
70.8%
moment
70.8%
placed
70.8%
one
70.8%
You're
70.8%
count
70.8%
take
70.1%
expects
70.1%
you'll
70.1%
truly
70.1%
words
69.4%
down
69.4%
much
68.8%
young
68.8%
write
68.1%
now
66%
Quiz Playlist
Details
Report
Send in Message
Add To Playlist
Classic:
Type in answers that appear in a list
Last Updated: Feb 16, 2017
Quiz Scoreboard
CHALLENGE
Sign Up to Join the Scoreboard
Show All
Scores
Hide
Comments
May contain spoilers
Recently Published
One Thing in Common: World Cities II
by knightlancer
Geography
7m
Popular People in 1961
by mucciniale
History
6m
1-10 Letter E Words III
by El_Dandy
Language
2m
More to Explore
Quiz From the Vault
Featured Blog Post
Where Did the Easter Bunny Come From?
hide this ad
You Might Also Like...
Tags
last
odd
Today's Top Quizzes in Music
Browse Music
hide this ad
Today's Top Quizzes in last
Browse last
Top Contributed Quizzes in Music
1
Taylor Swift All Songs (2024)
2
2010s Album by Cover III
3
Taylor Swift Logic Puzzle
4
One Thing in Common: Music
5
Guess the Artist- 70s Songs
6
Guess the Taylor Swift song (Mystery Song)
7
2010s Album by Cover V
8
2010s Album by Cover IV
9
Lana Del Rey Discography (BTD to DYKTTATUOB)
10
KPOP LOGIC QUIZ
Explore More
Trending Topics
NBA
Anime
Harry Potter
Disney
Marvel
Crossword
Kpop
The Office
NFL
Song
Country
Puzzle
WWE
Pokémon
Soccer
hide this ad
More By:
Snowhippo
Quiz
Plays
Rating
Category
Featured
Created
Actors in Multiple ABC Shows
522
1.50
Television
Jan 23, 2016
Uneven Odds by Sleeping At Last (Lyrics)
144
5.00
Music
Jan 23, 2016
So Far Gone By James Blunt (Lyrics)
69
5.00
Music
Jan 23, 2016
Black Swan Song By Athlete (Lyrics)
20
Music
Jan 23, 2016
Go to Creator's Profile
Score Distribution
Quiz Creator Spotlight
Snowhippo
Follow
Send a Message
Quizzes Created
-
Created Quiz Play Count
-
More By This Creator
Popular Quizzes Today
1
Find the US States - No Outlines Minefield
2
The Countries of the World
3
Popular People in 1961
4
Find the Countries of Europe - No Outlines Minefield
5
1-10 Letter E Words III
6
Find the US States
7
One Thing in Common: World Cities II
8
US States
More Music Quizzes
RED VELVET or MAMAMOO
Quiz Lab
Trending Quizzes
1-10 Letter F Words
1-10 Letter G Words
Risky Map Clicking: Next State Alphabetically
1-10 Letter F Words II
Risky Map Clicking: States by Unique Starting Letters
Recently Updated
Leaping Animals
pecheneg
Reality TV Shows (A-Z)
bhenderson79
Rickey Henderson's Hall of Fame Teammates
pecheneg
Champions League XIs: Arsenal
pecheneg
Quick Pick: Celebrities in WWE's Hall of Fame
aduchscher
A-Z Keypad Blitz II
pecheneg
Multiple Oscar Actors
pecheneg
Mystery Phrase Blitz: Oscar 'Best Actors'
pecheneg
F. Scott Fitzgerald Novels
LTH
Pick 3 Villains
ddd62291
Trending Topics
Anime
Kpop
NBA
Harry Potter
Disney
Crossword
Marvel
Song
Pokémon
Country
NFL
Puzzle
WWE
The Office
Soccer
Your Account Isn't Verified!
In order to create a playlist on Sporcle, you need to verify the email address you used during registration. Go to your
Sporcle Settings
to finish the process.
Report this User
Report this user for behavior that violates our
Community Guidelines
.
Details:
Send Report
Go to the Sporcle.com Mobile Site →
Comments